| 000 -ლიდერი |
| ფიქსირებული სიგრძის საკონტროლო ველი |
00888nam a2200217Ia 4500 |
| 001 - საკონტროლო ნომერი |
| საკონტროლო ველი |
6515 |
| 003 - საკონტროლო ნომრის იდენტიფიკატორი |
| საკონტროლო ველი |
GE_BSU |
| 005 - ბოლო ოპერაციის თარიღი და დრო |
| საკონტროლო ველი |
20191120170420.0 |
| 008 - ფიქსირებული სიგრძის მონაცემთა ელემენტები - ზოგადი ინფორმაცია |
| ფიქსირებული სიგრძის საკონტროლო ველი |
181216s1946||||g |||||||||||||| ||ge || |
| 040 ## - კატალოგიზაციის წყარო |
| Transcribing agency |
GE_BSU |
| 041 ## - ენის კოდი |
| Language code of text/sound track or separate title |
geo |
| 080 ## - უნივერსალური ათობითი კლასიფიკაციის ინდექსი |
| Universal Decimal Classification number |
821.353.1-11 გ-12 |
| 100 ## - მთავარი ჩანაწერი - პიროვნების სახელი |
| Personal name |
გაბესკირია, ვიქტორ. |
| 9 (RLIN) |
5430 |
| 245 ## - ცნობა სათაურის შესახებ |
| Title |
ქეთევან წამებული : |
| Remainder of title |
დრამატული პოემა / |
| Statement of responsibility, etc |
ვიქტორ გაბესკირია ; რედ. ა. კელენჯერიძე. |
| 264 ## - წარმოების, გამოცემის, დისტრიბუციის და სხვა ცნობები |
| გამოცემის, წარმოების, დისტრიბუციის... ადგილი |
ბათუმი : |
| გამოცემის, წარმოების, დისტრიბუციის... სახელწოდება |
აჭარის სახელგამი, |
| გამოცემის, წარმოების, დისტრიბუციის... თარიღი |
1946. |
| 300 ## - ფიზიკური აღწერა |
| Extent |
58 გვ. ; |
| Dimensions |
19 სმ. |
| 653 ## - INDEX TERM--UNCONTROLLED |
| Uncontrolled term |
პოემა |
| 653 ## - INDEX TERM--UNCONTROLLED |
| Uncontrolled term |
ქეთევან წამებული |
| 700 ## - ADDED ENTRY--PERSONAL NAME |
| Personal name |
კელენჯერიძე, ა. |
| Relator term |
რედაქტორი |
| 9 (RLIN) |
5490 |
| 942 ## - ADDED ENTRY ELEMENTS (KOHA) |
| Koha item type |
წიგნი |
| Source of classification or shelving scheme |
|